Mistrzowie Polski w hokeju na lodzie - Statystyki

Ogólne statystyki
  • Ten quiz został rozwiązany 197 razy
  • Średni wynik to 8 z 15
Statystyki odpowiedzi
Liczba tytułów Drużyna % Poprawnych
5 GKS Tychy
92%
6 GKS Katowice
89%
12 Cracovia
88%
8 Unia Oświęcim
88%
19 Podhale Nowy Targ
84%
5 Zagłebie Sosnowiec
65%
6 Polonia Bytom
59%
13 Legia Warszawa
58%
2 STS Sanok
50%
1 JKH GKS Jastrzębie
37%
1 KTH Krynica
33%
1 Pogoń Lwów
17%
1 Czarni Lwów
9%
5 AZS Warszawa
8%
1 AZS Poznań
3%
Nie znaleziono quizów pasujących do podanych kryteriów
Rozkład punktacji
Procent ludzi z każdym wynikiem
Percentyl według liczby udzielonych odpowiedzi
Twoja historia wyników
Nie rozwiązałeś tego quizu